Southville International School and Colleges
Your cart is empty.
  • Cart
  • Lists
    Public lists Eva Luna New books Lux_list list_1
    Your lists Log in to create your own lists
  • Log in to your account
  • Your cookies
  • Search history
Southville International School and Colleges
  • Advanced search
  • Recent comments
  • Most popular
  • Libraries

Log in to your account

Log in with GOOGLE


If you do not have an external account, but do have a local account, you can still log in:

  1. Home
  2. MARC view: 100 ideas :
Normal view MARC view ISBD view

100 ideas : (Record no. 114790)

[ view plain ]
MARC details
000 -LEADER
fixed length control field 00390nam a2200133 a 4500
005 - DATE AND TIME OF LATEST TRANSACTION
control field 20140414132112.0
008 - FIXED-LENGTH DATA ELEMENTS--GENERAL INFORMATION
fixed length control field 110805s19uu xx 00 eng d
050 ## - LIBRARY OF CONGRESS CALL NUMBER
Classification number REF 413
Item number M26 2005
100 ## - MAIN ENTRY--PERSONAL NAME
Personal name Kirby, Amanda
245 ## - TITLE STATEMENT
Title 100 ideas :
Remainder of title for supporting pupils with Dyspraxia and DCD.
260 ## - PUBLICATION, DISTRIBUTION, ETC. (IMPRINT)
Place of publication, distribution, etc New York :
Name of publisher, distributor, etc Continuum International,
Date of publication, distribution, etc 2007.
700 ## - ADDED ENTRY--PERSONAL NAME
Personal name Peters, Lynne
Holdings
Withdrawn status Lost status Damaged status Home library Current library Shelving location Date acquired Source of acquisition Total Checkouts Full call number Barcode Date last seen Price effective from Koha item type
      Munich Library Munich Library Reference Section 08/05/2011     REF 413 M26 2005 M6689 04/14/2014 04/14/2014 Books

100 ideas :

APA

Kirby A., Peters L., . (2007). 100 ideas. New York: Continuum International.

Chicago

Kirby Amanda, Peters Lynne, . 2007. 100 ideas. New York: Continuum International.

Harvard

Kirby A., Peters L., . (2007). 100 ideas. New York: Continuum International.

MLA

Kirby Amanda, Peters Lynne, . 100 ideas. New York: Continuum International. 2007.

  • Place hold
  • Print
  • Cite
  • Add to your cart (remove)
  • Save record
    BIBTEX Dublin Core MARCXML MARC (non-Unicode/MARC-8) MARC (Unicode/UTF-8) MARC (Unicode/UTF-8, Standard) MODS (XML) RIS
  • More searches
    Search for this title in:
    Other Libraries (WorldCat) Other Databases (Google Scholar) Online Stores (Bookfinder.com) Open Library (openlibrary.org)

Exporting to Dublin Core...

SOUTHVILLE LIBRARY

Southville International School and Colleges Library

1281 Tropical Ave. Cor. Luxembourg St., BF Homes International, Las Pinas City

Tel. No. 8256374 / 252358 Loc. 117/146

Powered by Koha